[Event "Titled Tue 10th Jun Late"]
[Site "chess.com INT"]
[Date "2025.06.10"]
[Round "1"]
[White "Vifleemskaia, Svetlana"]
[Black "Akkara, Omer"]
[Result "1-0"]
[WhiteTitle "WFM"]
[BlackTitle "CM"]
[WhiteElo "1942"]
[BlackElo "2036"]
[WhiteFideId "4129490"]
[BlackFideId "26319802"]
[EventDate "2025.06.10"]

1. d4 Nf6 2. c4 e6 3. Nc3 d5 4. cxd5 exd5 5. Bg5 Be7 6. e3 c6 7. Bd3 h6 8. Bh4
O-O 9. Qc2 a5 10. Nge2 a4 11. a3 b5 12. O-O Nbd7 13. f3 Nb6 14. Bf2 Be6 15. Kh1
Rc8 16. e4 dxe4 17. fxe4 Bb3 18. Qd2 Bc4 19. e5 Nfd5 20. Ne4 Bxd3 21. Qxd3 Nc4
22. Rab1 Kh8 23. N2g3 Nf4 24. Qf3 Ne6 25. Nf5 Bg5 26. h4 Bd2 27. Rfd1 Ba5 28.
Qh5 Nf4 29. Qg4 Ne6 30. Ned6 Nxd6 31. Nxd6 Rc7 32. Be3 Rd7 33. Rbc1 Rxd6 34.
exd6 Qxd6 35. Qf3 Bc7 36. g3 Qxg3 37. Qxg3 Bxg3 38. h5 Nd8 39. d5 cxd5 40. Rxd5
Re8 41. Rc3 Ne6 42. Rxb5 Be1 43. Rd3 Bh4 44. Kg2 Bg5 45. Bxg5 hxg5 46. Kf3 f6
47. Rbd5 Nf4 48. Rd8 Nxd3 49. Rxe8+ Kh7 50. Rb8 f5 51. b3 axb3 52. Rxb3 Ne5+ 53.
Kg3 f4+ 54. Kf2 g4 55. a4 g3+ 56. Kg2 Nc4 57. Rb4 Ne3+ 58. Kf3 g2 59. Rb1 Nd5
60. Kxg2 Kh6 61. Kf3 Nc3 62. Ra1 Nd5 63. Ke4 Nc3+ 64. Kxf4 Ne2+ 65. Kf3 Nc3 66.
a5 Nb5 67. a6 Na7 68. Kg4 Kh7 69. Ra4 Nc6 70. Kh4 Na7 71. Ra5 Nc6 72. a7 Nxa5
73. a8=Q Nc4 74. Qe4+ Kh8 75. Qxc4 Kh7 76. Kg5 Kh8 77. h6 Kh7 78. hxg7 Kxg7 79.
Qc7+ Kh8 80. Kg6 1-0

[Event "Titled Tue 10th Jun Late"]
[Site "chess.com INT"]
[Date "2025.06.10"]
[Round "1"]
[White "Powell, Paul"]
[Black "Mizzi, Jack"]
[Result "0-1"]
[WhiteTitle "CM"]
[BlackTitle "CM"]
[WhiteElo "2270"]
[BlackElo "2107"]
[WhiteFideId "2005840"]
[BlackFideId "5602521"]
[EventDate "2025.06.10"]

1. d4 Nf6 2. Nf3 e6 3. Bf4 d5 4. e3 c5 5. c3 Nc6 6. Nbd2 Bd6 7. Bg3 Bxg3 8. hxg3
cxd4 9. exd4 Qc7 10. Bd3 a6 11. Qe2 Bd7 12. a4 a5 13. Bb5 Ne7 14. Ne5 Bxb5 15.
Qxb5+ Nc6 16. Ndf3 Nd7 17. Nxd7 Qxd7 18. g4 Ne7 19. Qxd7+ Kxd7 20. Ne5+ Ke8 21.
g3 f6 22. Nd3 b6 23. Kd2 Kf7 24. Rhe1 Rhe8 25. Re2 Nc8 26. Rae1 Nd6 27. f3 g5
28. Kc2 Rac8 29. Rh1 Kg7 30. Reh2 Rh8 31. Rh6 Rce8 32. R1h2 Nf7 33. R6h3 Nd6 34.
Re2 Kg6 35. Reh2 Kg7 36. Rh6 Re7 37. R6h3 Nf7 38. Re2 Nd8 39. Reh2 Nc6 40. Re2
Rc8 41. Kd2 Nb8 42. Reh2 Rh8 43. Re2 Na6 44. Reh2 Nc7 45. Re2 Ne8 46. Reh2 h6
47. Re2 Nd6 48. Reh2 Nf7 49. Re2 Rc8 50. Reh2 Rb8 51. Re2 Ree8 52. Rh1 Re7 53.
Rb1 Nd6 54. Kc2 Nc4 55. Rh1 Rh8 56. Rhh2 Rhe8 57. Rh1 Nd6 58. Rhh2 Nc8 59. Rh1
Na7 60. Rhh2 Nc6 61. Rh1 Rc8 62. Rhh2 Nxd4+ 63. Kd2 Nxe2 64. Rxe2 e5 65. Nf2
Rce8 66. Re3 e4 67. f4 Kg6 68. Nh3 f5 69. gxf5+ Kxf5 70. fxg5 hxg5 71. Nf2 g4
72. Nd1 Rh8 73. Re2 Rh3 74. Rf2+ Kg6 75. Ne3 Rxg3 76. Nf5 Rd3+ 77. Kc2 Rd7 78.
Nh4+ Kg5 79. Ng2 Rf3 80. Rd2 g3 81. Kd1 Rf1+ 82. Ke2 Rf2+ 83. Ke1 Rxd2 84. Kxd2
Rf7 85. Ke1 Rf2 86. Ne3 Rxb2 87. Nxd5 g2 0-1

[Event "Titled Tue 10th Jun Late"]
[Site "chess.com INT"]
[Date "2025.06.10"]
[Round "1"]
[White "Aradhya, Garg"]
[Black "Brancaleoni, Maurizio"]
[Result "1-0"]
[WhiteTitle "IM"]
[BlackTitle "FM"]
[WhiteElo "2370"]
[BlackElo "2185"]
[WhiteFideId "25006746"]
[BlackFideId "803022"]
[EventDate "2025.06.10"]

1. d4 Nf6 2. c4 b6 3. Nf3 Bb7 4. g3 g6 5. Bg2 Bg7 6. O-O O-O 7. d5 Na6 8. Nc3
Nc5 9. Nd4 e5 10. dxe6 fxe6 11. Bxb7 Nxb7 12. Nf3 Qe7 13. Bg5 h6 14. Bxf6 Bxf6
15. Qd3 Kg7 16. Rad1 Nc5 17. Qe3 a5 18. h4 Bxc3 19. Qxc3+ Qf6 20. Nd4 Rf7 21.
Qe3 Raf8 22. b3 e5 23. Nb5 d6 24. Nc3 Qf5 25. Kg2 Rh8 26. f3 g5 27. hxg5 hxg5
28. Rh1 Rff8 29. Nd5 Ne6 30. g4 Qg6 31. Ne7 Qf6 32. Nf5+ Kf7 33. Qe4 Rxh1 34.
Rxh1 Nf4+ 35. Kf2 Rh8 36. Qb1 Nh3+ 37. Kg3 Nf4 38. e3 Ne2+ 39. Kf2 Nc3 40. Qe1
e4 41. Rxh8 Qxh8 42. Kg3 exf3 43. Kxf3 Qe5 44. Ng3 Qf6+ 45. Kg2 Qe5 46. Nf5 Qe4+
47. Kg3 Qe5+ 48. Kg2 Ne4 49. Qe2 Kf6 50. Qf3 Nd2 51. Qf2 Qe4+ 52. Kg3 Qe5+ 53.
Kh3 Ne4 54. Qf3 Nd2 55. Qf2 Ne4 56. Qf3 Ke6 57. Nd4+ Kd7 58. Qf7+ Kc8 59. Qf5+
Qxf5 60. gxf5 Kd7 61. Kg4 c6 62. Ne6 Ke7 63. Nxg5 Nd2 64. Kf4 b5 65. cxb5 cxb5
66. Ne4 Nb1 67. f6+ Ke6 68. Kg5 d5 69. Kg6 dxe4 70. f7 Nc3 71. f8=Q Kd5 72. Qf7+
Kc5 73. Qe7+ Kd5 74. Kf5 b4 75. Qe5+ Kc6 76. Qxa5 Nd5 77. Ke5 Nc3 78. Qxb4 Nd5
79. Qc4+ Kb7 80. Qxd5+ Ka6 81. Kxe4 Ka7 82. Kd4 Ka6 83. Kc5 Ka7 84. Kc6 Ka6 85.
Kc7 Ka7 86. Qa5# 1-0

[Event "Titled Tue 10th Jun Late"]
[Site "chess.com INT"]
[Date "2025.06.10"]
[Round "1"]
[White "Xhembulla, Aleksander"]
[Black "Haszon, David"]
[Result "1/2-1/2"]
[WhiteTitle "FM"]
[BlackTitle "FM"]
[WhiteElo "2295"]
[BlackElo "2264"]
[WhiteFideId "4705114"]
[BlackFideId "733610"]
[EventDate "2025.06.10"]

1. c4 e6 2. Nf3 d5 3. g3 Nf6 4. Bg2 Bd6 5. O-O O-O 6. d4 h6 7. Qc2 Nc6 8. a3
dxc4 9. Qxc4 e5 10. dxe5 Nxe5 11. Qc2 Qe7 12. Nc3 c6 13. Rd1 Bc7 14. b4 Bg4 15.
Bb2 Rfd8 16. Ne4 Nxe4 17. Qxe4 Nxf3+ 18. Bxf3 Qxe4 19. Bxe4 Bxe2 20. Re1 Bc4 21.
Rac1 Bd5 22. b5 Ba5 23. Re2 Re8 24. Bd3 Rxe2 25. Bxe2 Re8 26. Kf1 Bg2+ 27. Kxg2
Rxe2 28. Bd4 cxb5 29. Bxa7 b4 30. axb4 Bxb4 31. Rc4 Rb2 32. Rc8+ Kh7 33. Rc7 Kg6
34. Rxb7 Bc3 35. Rc7 Bf6 36. Rc6 Ra2 37. Bd4 Rd2 38. Bxf6 gxf6 39. h4 h5 40. Rc4
Ra2 41. Re4 Rb2 42. Kf3 Ra2 43. Re2 Ra3+ 44. Kf4 Ra4+ 45. Re4 Ra2 46. f3 Rb2 47.
Ra4 Rb3 48. g4 hxg4 49. fxg4 Rb1 50. h5+ Kg7 51. Ra3 Rf1+ 52. Rf3 Ra1 53. Re3
Ra4+ 54. Re4 Ra1 55. Re7 Rf1+ 56. Kg3 Rg1+ 57. Kf3 Rf1+ 58. Kg2 Ra1 59. Rb7 Rc1
60. Kg3 Rg1+ 61. Kh3 Rh1+ 62. Kg2 Ra1 63. Rb5 Rc1 64. Kf3 Rf1+ 65. Kg3 Rg1+ 66.
Kf3 Rf1+ 67. Kg2 Ra1 68. Rb3 Ra4 69. Kg3 Ra1 70. Rf3 Rg1+ 71. Kf4 Ra1 72. Re3
Ra4+ 73. Re4 Ra1 74. Ke3 Rf1 75. Kd4 f5 76. gxf5 Rxf5 77. Rh4 Kh6 78. Ke4 Ra5
79. Kf4 Ra4+ 80. Kg3 Ra3+ 81. Kf4 Ra1 82. Kf5 Rf1+ 83. Ke5 Kg5 84. Rh2 Re1+ 85.
Kd6 Re6+ 86. Kd5 Rh6 87. Ke5 f6+ 88. Ke6 f5+ 89. Ke5 Kg4 90. Rh1 f4 91. Rg1+ Kf3
92. Rf1+ Kg3 93. Rxf4 Rxh5+ 94. Ke4 Rh4 95. Rxh4 Kxh4 1/2-1/2

[Event "Titled Tue 10th Jun Late"]
[Site "chess.com INT"]
[Date "2025.06.10"]
[Round "1"]
[White "Vlassov, Nikolai"]
[Black "Bacus, Dharim"]
[Result "1/2-1/2"]
[WhiteTitle "IM"]
[BlackTitle "FM"]
[WhiteElo "2291"]
[BlackElo "2131"]
[WhiteFideId "4103360"]
[BlackFideId "5201527"]
[EventDate "2025.06.10"]

1. e4 e5 2. Bc4 Bc5 3. Nf3 d6 4. c3 Nf6 5. d4 exd4 6. cxd4 Bb4+ 7. Bd2 Bxd2+ 8.
Nbxd2 O-O 9. O-O Nxe4 10. Bxf7+ Rxf7 11. Nxe4 d5 12. Neg5 Rf5 13. h4 h6 14. Nh3
Nc6 15. Re1 Bd7 16. Re3 Qf6 17. Qb3 Nxd4 18. Qxb7 Bc6 19. Qxc7 Nxf3+ 20. Rxf3
Rxf3 21. gxf3 d4 22. Qf4 Bxf3 23. Qxf6 gxf6 24. Nf4 Rd8 25. Kh2 d3 26. Kg3 d2
27. Kxf3 d1=Q+ 28. Rxd1 Rxd1 29. Ke4 Rd2 30. Nd3 f5+ 31. Ke3 Rc2 32. a4 Kg7 33.
b4 Rc4 34. a5 Rxh4 35. f4 Kf6 36. b5 Rh1 37. Kd4 Rb1 38. Kc5 h5 39. b6 axb6+ 40.
axb6 h4 41. Nb4 Rc1+ 42. Kd6 Rc8 43. b7 Rb8 44. Kc7 Rxb7+ 45. Kxb7 h3 46. Nd3 h2
47. Nf2 Kg6 48. Kc6 Kh5 49. Kd5 Kh4 50. Ke5 Kg3 51. Nh1+ Kg2 52. Kxf5 Kxh1 53.
Kg6 Kg2 54. f5 h1=Q 55. f6 Qb1+ 56. Kg7 Qb2 57. Kg6 Qc2+ 58. Kg7 Qc3 59. Kg6
Qd3+ 60. Kg7 Qd4 61. Kg6 Qg4+ 62. Kh7 Qh5+ 63. Kg7 Qg5+ 64. Kf7 Kf3 65. Ke6 Qg4+
66. Ke7 Qe4+ 67. Kf8 Qb4+ 68. Kg8 Qb8+ 69. Kg7 Qg3+ 70. Kf8 Qd6+ 71. Kg7 Qe5 72.
Kg6 Qe6 73. Kg7 Qe5 74. Kg6 Kf4 75. f7 Qe6+ 76. Kg7 Qe7 77. Kg8 Qg5+ 78. Kh8
Qh6+ 79. Kg8 Qg6+ 80. Kh8 Qf6+ 81. Kg8 Qe6 82. Kg7 Kg5 83. f8=Q Qe5+ 84. Kh7
Qe4+ 85. Kh8 Qe5+ 86. Kg8 Kg6 87. Qf7+ Kg5 88. Kh7 Qf5+ 89. Qxf5+ Kxf5 1/2-1/2

[Event "Titled Tue 10th Jun Late"]
[Site "chess.com INT"]
[Date "2025.06.10"]
[Round "1"]
[White "Blackburn, Jonathan L B"]
[Black "Olund, Joar"]
[Result "1/2-1/2"]
[WhiteTitle "FM"]
[BlackTitle "FM"]
[WhiteElo "2207"]
[BlackElo "2369"]
[WhiteFideId "1801090"]
[BlackFideId "1714848"]
[EventDate "2025.06.10"]

1. d4 d5 2. c4 dxc4 3. Nf3 Nf6 4. e3 e6 5. Bxc4 c5 6. O-O a6 7. Qe2 b5 8. Bb3
Bb7 9. Nc3 Nbd7 10. Rd1 Qb6 11. d5 c4 12. dxe6 Qxe6 13. Bc2 Bc5 14. a3 O-O 15.
h3 Rfd8 16. e4 Ne5 17. Bf4 Nd3 18. Bxd3 cxd3 19. Rxd3 Rxd3 20. Qxd3 Nxe4 21.
Nxe4 Bxe4 22. Qc3 Rc8 23. Nd4 Qd5 24. Be3 Rd8 25. Ne2 Be7 26. Nf4 Qd7 27. Nh5
Bf8 28. Re1 Bg6 29. Nf4 Rc8 30. Qb3 Bc5 31. Nxg6 hxg6 32. Bxc5 Rxc5 33. Qe3 Rc8
34. Qe2 a5 35. Rd1 Qc6 36. h4 a4 37. g3 f6 38. Qd3 Kh7 39. h5 f5 40. hxg6+ Kxg6
41. g4 Rf8 42. Qd6+ Qxd6 43. Rxd6+ Kg5 44. gxf5 Rxf5 45. Kg2 Kf4 46. Rd4+ Ke5
47. Rb4 Kd6 48. Kg3 g5 49. f3 Kc5 50. Kg4 Re5 51. Kg3 Re2 52. Kg4 Rg2+ 53. Kh3
Rg1 54. Kh2 Rd1 55. Kg3 Rd3 56. Kg4 Re3 57. Kg3 Re8 58. Kg4 Rg8 59. Re4 Kd5 60.
Re7 Kc4 61. Re3 Kd4 62. Rc3 Rg7 63. Rc6 Kd5 64. Rc3 Kd4 65. Rc6 Rh7 66. Kxg5 Rh2
67. f4 Rxb2 68. f5 Rb3 69. f6 Rxa3 70. f7 Rg3+ 71. Kh6 Rf3 72. Kg7 Rxf7+ 73.
Kxf7 a3 74. Ra6 b4 75. Ke6 Kc4 76. Kd6 b3 77. Rxa3 b2 78. Ra4+ Kc3 79. Ra3+ Kc4
80. Ra4+ Kc3 81. Ra3+ Kc4 1/2-1/2

[Event "Titled Tue 10th Jun Late"]
[Site "chess.com INT"]
[Date "2025.06.10"]
[Round "1"]
[White "Zepeda Berlanga, Jan Enrique"]
[Black "Panin, Mikhail"]
[Result "1/2-1/2"]
[WhiteTitle "CM"]
[BlackTitle "CM"]
[WhiteElo "1984"]
[BlackElo "2255"]
[WhiteFideId "5132355"]
[BlackFideId "34164992"]
[EventDate "2025.06.10"]

1. e4 d5 2. exd5 Qxd5 3. h3 e5 4. Nc3 Qd6 5. Nf3 Nc6 6. Bb5 Bd7 7. O-O O-O-O 8.
Re1 f6 9. a4 g5 10. b3 h5 11. Ba3 Qe6 12. Bxf8 Rxf8 13. d4 Qf7 14. dxe5 fxe5 15.
Ne4 g4 16. Bxc6 gxf3 17. Bxd7+ Qxd7 18. Qxd7+ Kxd7 19. Rad1+ Kc8 20. Ng5 fxg2
21. Rxe5 Nf6 22. Re7 Re8 23. Rde1 Rxe7 24. Rxe7 Nd5 25. Rg7 Nf4 26. Rf7 Rg8 27.
Rxf4 Rxg5 28. Rf3 Rc5 29. c3 Rg5 30. Rg3 Rd5 31. Kxg2 b5 32. axb5 Rxb5 33. b4
Kb7 34. Kf3 Rf5+ 35. Ke3 Kb6 36. f4 Rf7 37. Rg5 Re7+ 38. Kd3 h4 39. f5 Rf7 40.
Kd4 c6 41. c4 Rd7+ 42. Kc3 Rd1 43. Rh5 Rf1 44. Rxh4 Rxf5 45. Rh7 Rf3+ 46. Kd4
Rf4+ 47. Ke3 Rxc4 48. h4 Rxb4 49. h5 Rb3+ 50. Kd4 Rh3 51. h6 a5 52. Rh8 Kb7 53.
h7 Rh5 54. Kc4 Rh4+ 55. Kb3 c5 56. Ka3 a4 57. Ka2 Rh3 58. Kb2 c4 59. Ka2 a3 60.
Kb1 Rh2 61. Rg8 Rxh7 62. Rg4 Rc7 63. Ka2 Kb6 64. Kxa3 Kb5 65. Kb2 Kb4 66. Kc2
Rf7 67. Rg3 Rf2+ 68. Kc1 Rh2 69. Kb1 Rd2 70. Kc1 Ra2 71. Rh3 Rg2 72. Rf3 Rg4 73.
Rh3 Rd4 74. Rg3 Re4 75. Rh3 Kc5 76. Rg3 Kd4 77. Rh3 Rf4 78. Kc2 Rf2+ 79. Kc1 Re2
80. Rg3 Ra2 81. Rh3 Kc5 82. Rg3 Kb4 83. Rh3 Ra5 84. Rg3 Rb5 85. Kc2 Rf5 86. Rh3
Rg5 87. Rf3 Rg2+ 88. Kc1 Rg1+ 89. Kc2 Rg2+ 90. Kc1 1/2-1/2

[Event "Titled Tue 10th Jun Late"]
[Site "chess.com INT"]
[Date "2025.06.10"]
[Round "1"]
[White "Halynyazov, Vepaly"]
[Black "Khalafvand, Dorsa Sadat"]
[Result "1/2-1/2"]
[BlackTitle "WCM"]
[WhiteElo "2189"]
[BlackElo "1985"]
[WhiteFideId "14004020"]
[BlackFideId "36767522"]
[EventDate "2025.06.10"]

1. e4 c6 2. Nc3 d5 3. exd5 cxd5 4. d4 Nc6 5. Bf4 Bf5 6. Nf3 e6 7. Ne5 Bd6 8. Bb5
Qc7 9. O-O Nf6 10. Re1 O-O 11. Bg5 Nxe5 12. Bxf6 gxf6 13. dxe5 Bxe5 14. Qh5 Bg6
15. Qh4 Qb6 16. a4 a6 17. a5 Qd4 18. Qxd4 Bxd4 19. Bd3 Bxc3 20. bxc3 Rac8 21.
Ra3 Rc7 22. Rb1 Rfc8 23. Rbb3 Kf8 24. h4 Bxd3 25. cxd3 Ke7 26. g3 e5 27. Kg2 Ke6
28. Kf3 Kf5 29. g4+ Ke6 30. h5 Rd8 31. Rb6+ Rd6 32. Rab3 Rxb6 33. Rxb6+ Ke7 34.
Rb3 Ke6 35. Ke3 Rxc3 36. Rxb7 e4 37. Rb6+ Ke5 38. Rxa6 Rxd3+ 39. Ke2 Ra3 40. h6
d4 41. Ra7 Ra2+ 42. Ke1 d3 43. Re7+ Kf4 44. Rxf7 Rxa5 45. Rxh7 Kf3 46. Rf7 Ra1+
47. Kd2 Ra2+ 48. Ke1 d2+ 49. Kd1 Kxf2 50. h7 Ke3 51. Rd7 Ra1+ 52. Kc2 Rc1+ 53.
Kb2 Rh1 54. Kc2 Rh2 55. Kd1 Kf4 56. Rxd2 Rxh7 57. Rf2+ Ke5 58. Rf5+ Ke6 59. Ke2
Rh4 60. Rf4 Ke5 61. Rf5+ Kd4 62. Rxf6 Rxg4 63. Rd6+ Ke5 64. Rd8 Rg2+ 65. Ke3
Rg3+ 66. Ke2 Rf3 67. Re8+ Kf4 68. Rf8+ Kg3 69. Re8 Kf4 70. Rf8+ Ke5 71. Ra8 Rb3
72. Ra5+ Kf4 73. Ra8 Rb2+ 74. Ke1 Ke3 75. Ra3+ Kd4 76. Rh3 e3 77. Rh8 Rb1+ 78.
Ke2 Rb2+ 79. Ke1 Ke4 80. Re8+ Kf4 81. Rf8+ Kg3 82. Rf7 Rf2 83. Re7 Kf3 84. Rf7+
Kg2 85. Rg7+ Kf3 86. Rg8 Re2+ 87. Kf1 Rf2+ 88. Ke1 Re2+ 89. Kf1 Rf2+ 90. Ke1 1/2-1/2

[Event "Titled Tue 10th Jun Late"]
[Site "chess.com INT"]
[Date "2025.06.10"]
[Round "2"]
[White "Mai, Alexander Oliver"]
[Black "Graif, William"]
[Result "0-1"]
[WhiteTitle "CM"]
[BlackTitle "FM"]
[WhiteElo "2171"]
[BlackElo "2211"]
[WhiteFideId "2313391"]
[BlackFideId "2609835"]
[EventDate "2025.06.10"]

1. e4 e5 2. Nf3 Bc5 3. Nxe5 Nc6 4. Nd3 Bb6 5. Be2 Nf6 6. Nc3 O-O 7. O-O Re8 8.
Bf3 d5 9. exd5 Nd4 10. h3 Bf5 11. Nf4 Bxc2 0-1

[Event "Titled Tue 10th Jun Late"]
[Site "chess.com INT"]
[Date "2025.06.10"]
[Round "2"]
[White "Robert, Yoann"]
[Black "Mafra, Kaiser Luiz"]
[Result "1-0"]
[WhiteTitle "CM"]
[BlackTitle "CM"]
[WhiteElo "2203"]
[BlackElo "2076"]
[WhiteFideId "36018805"]
[BlackFideId "2106698"]
[EventDate "2025.06.10"]

1. d4 Nf6 2. Nc3 g6 3. e4 d6 4. Be3 Bg7 5. Qd2 Ng4 6. Bg5 O-O 7. f3 Nf6 8. O-O-O
Nbd7 9. h4 e5 10. d5 Qe8 11. g4 a6 12. h5 gxh5 13. gxh5 Kh8 14. h6 1-0

[Event "Titled Tue 10th Jun Late"]
[Site "chess.com INT"]
[Date "2025.06.10"]
[Round "2"]
[White "Yushko, Olga"]
[Black "Deichmann, Esteban Horacio"]
[Result "0-1"]
[WhiteTitle "WFM"]
[WhiteElo "2033"]
[BlackElo "2103"]
[WhiteFideId "14114500"]
[BlackFideId "167410"]
[EventDate "2025.06.10"]

1. d4 c5 2. d5 g6 3. c4 Bg7 4. e4 d6 5. Bd3 Nh6 6. Ne2 O-O 7. O-O f5 8. Nbc3 Nd7
9. Bxh6 Bxh6 10. exf5 gxf5 11. Ng3 Ne5 12. Qh5 Nxd3 13. Qxh6 Qe8 14. b3 Qg6 15.
Qd2 Ne5 16. Rae1 f4 17. Nge4 Nf3+ 0-1

[Event "Titled Tue 10th Jun Late"]
[Site "chess.com INT"]
[Date "2025.06.10"]
[Round "2"]
[White "Estrada Nieto, Julian"]
[Black "Leung, Hoi Ting"]
[Result "1-0"]
[WhiteTitle "IM"]
[BlackTitle "WCM"]
[WhiteElo "2181"]
[BlackElo "1618"]
[WhiteFideId "5101018"]
[BlackFideId "6003770"]
[EventDate "2025.06.10"]

1. e4 c5 2. Nf3 Nc6 3. Bb5 d6 4. O-O e5 5. c3 Bg4 6. h3 Bh5 7. d4 cxd4 8. cxd4
exd4 9. g4 Bg6 10. Nxd4 Qb6 11. Nc3 O-O-O 12. Be3 Qc7 13. Nd5 Qd7 14. Nxc6 bxc6
15. Bxc6 Qxc6 16. Rc1 Qxc1 17. Qxc1+ Kd7 18. Qc7+ Ke6 19. Qxd8 Bxe4 20. Nc7+ Ke5
21. f4# 1-0

[Event "Titled Tue 10th Jun Late"]
[Site "chess.com INT"]
[Date "2025.06.10"]
[Round "2"]
[White "Beerdsen, Thomas"]
[Black "Salman, Ilhan Serhat"]
[Result "1-0"]
[WhiteTitle "GM"]
[WhiteElo "2538"]
[BlackElo "2092"]
[WhiteFideId "1030108"]
[BlackFideId "6361579"]
[EventDate "2025.06.10"]

1. e4 d5 2. exd5 Qxd5 3. Nc3 Qa5 4. b4 Qxb4 5. Rb1 Qa5 6. Nf3 c6 7. Bc4 Nf6 8.
O-O e6 9. Re1 Bd6 10. Bb2 O-O 11. Ne2 Nbd7 12. Ng3 b5 13. Bd3 c5 14. Ng5 h6 15.
Nh5 hxg5 16. Nxg7 Kxg7 17. Qh5 Rh8 18. Qxg5+ Kf8 19. Bxf6 Nxf6 20. Qxf6 Bxh2+
21. Kf1 Bb7 22. Qxh8+ Ke7 23. Qxh2 Qc7 24. Qxc7+ 1-0

[Event "Titled Tue 10th Jun Late"]
[Site "chess.com INT"]
[Date "2025.06.10"]
[Round "2"]
[White "Bach, Matthias"]
[Black "Oksendal, Martin"]
[Result "0-1"]
[WhiteTitle "FM"]
[BlackTitle "FM"]
[WhiteElo "2206"]
[BlackElo "2235"]
[WhiteFideId "4603168"]
[BlackFideId "1554107"]
[EventDate "2025.06.10"]

1. d4 Nf6 2. c4 e6 3. Nc3 d5 4. Nf3 Be7 5. g3 O-O 6. Bg2 dxc4 7. O-O b6 8. Ne5
Nd5 9. Nxc4 Bb7 10. e4 Nxc3 11. bxc3 c5 12. Bb2 Ba6 13. Qb3 Nc6 14. Rfd1 cxd4
15. cxd4 Rc8 16. Ne3 Na5 17. Qa4 b5 0-1

[Event "Titled Tue 10th Jun Late"]
[Site "chess.com INT"]
[Date "2025.06.10"]
[Round "2"]
[White "Fernandez Siles, Luis"]
[Black "Vlassov, Nikolai"]
[Result "0-1"]
[WhiteTitle "FM"]
[BlackTitle "IM"]
[WhiteElo "2170"]
[BlackElo "2291"]
[WhiteFideId "2209420"]
[BlackFideId "4103360"]
[EventDate "2025.06.10"]

1. e4 Nc6 2. Nf3 d5 3. exd5 Qxd5 4. Nc3 Qa5 5. Bb5 Bd7 6. O-O a6 7. Ba4 Qh5 8.
d4 b5 9. Bb3 Nf6 10. Ne5 Nxe5 11. Qxh5 Nxh5 12. dxe5 g6 13. Be3 e6 14. Ne4 Bc6
15. Nc5 Ng7 16. g4 h5 17. h3 hxg4 18. hxg4 Rh1# 0-1

[Event "Titled Tue 10th Jun Late"]
[Site "chess.com INT"]
[Date "2025.06.10"]
[Round "2"]
[White "Schnaider, Ilan"]
[Black "Brancaleoni, Maurizio"]
[Result "1-0"]
[WhiteTitle "IM"]
[BlackTitle "FM"]
[WhiteElo "2388"]
[BlackElo "2185"]
[WhiteFideId "169013"]
[BlackFideId "803022"]
[EventDate "2025.06.10"]

1. e4 c6 2. Nc3 d5 3. Nf3 dxe4 4. Nxe4 Nf6 5. Qe2 Nxe4 6. Qxe4 Qd5 7. Qh4 Qe6+
8. Be2 Qg4 9. Qg3 h5 10. Qc7 Qd7 11. Qf4 Qg4 12. Qc7 Qd7 13. Qg3 Qg4 14. d4 h4
15. Qc7 Qd7 16. Qf4 Qg4 17. Qxf7+ Kxf7 18. Ne5+ Kf6 19. Bxg4 Bxg4 20. Nxg4+ Kf5
21. Ne5 g5 22. Be3 Bg7 23. O-O-O Bxe5 24. dxe5 Ke6 25. Bxg5 Nd7 26. f4 Raf8 27.
Rhf1 Rf5 28. g4 hxg3 29. hxg3 Nb6 30. g4 Rff8 31. f5+ Kf7 32. a4 Rfg8 33. e6+
Ke8 34. f6 Rxg5 35. f7+ Kf8 36. Rd8+ Kg7 37. Rxh8 1-0

[Event "Titled Tue 10th Jun Late"]
[Site "chess.com INT"]
[Date "2025.06.10"]
[Round "2"]
[White "Zieba, Hubert"]
[Black "Bortnyk, Olexandr"]
[Result "0-1"]
[WhiteTitle "CM"]
[BlackTitle "GM"]
[WhiteElo "2233"]
[BlackElo "2601"]
[WhiteFideId "21844704"]
[BlackFideId "14120828"]
[EventDate "2025.06.10"]

1. d4 Nf6 2. c4 b6 3. Nc3 Bb7 4. Qc2 d5 5. cxd5 Nxd5 6. e4 Nxc3 7. bxc3 e5 8.
Nf3 exd4 9. cxd4 Bb4+ 10. Bd2 Bxd2+ 11. Kxd2 O-O 12. Bd3 Nc6 13. Qc3 Qd6 14.
Rad1 Rad8 15. d5 Nb4 16. Bb1 Rfe8 17. a3 Qf4+ 18. Qe3 Nxd5 19. Qxf4 Nxf4+ 20.
Kc3 Nxg2 21. Rhg1 Nf4 22. Nd4 Rxd4 0-1

[Event "Titled Tue 10th Jun Late"]
[Site "chess.com INT"]
[Date "2025.06.10"]
[Round "2"]
[White "Melian, Juan Sebastian"]
[Black "Dilmukhametov, Artur"]
[Result "1-0"]
[WhiteTitle "FM"]
[BlackTitle "FM"]
[WhiteElo "2358"]
[BlackElo "2276"]
[WhiteFideId "3706575"]
[BlackFideId "24179922"]
[EventDate "2025.06.10"]

1. e4 d5 2. exd5 Qxd5 3. Nc3 Qe5+ 4. Be2 Bg4 5. d4 Bxe2 6. Ngxe2 Qa5 7. O-O c6
8. Re1 e6 9. Nf4 Be7 10. Qg4 Bf6 11. Nh5 Qd8 12. Nxg7+ Kf8 13. Nh5 Nd7 14. Bf4
Ke7 15. d5 cxd5 16. Nxd5+ Kf8 17. Bd6+ Be7 18. Qg7+ Ke8 19. Nxe7 Nxe7 20. Qxh8+
Nf8 21. Nf6# 1-0

[Event "Titled Tue 10th Jun Late"]
[Site "chess.com INT"]
[Date "2025.06.10"]
[Round "2"]
[White "Vakhidov, Jakhongir"]
[Black "Mullodzhanov, Nathaniel"]
[Result "1-0"]
[WhiteTitle "GM"]
[WhiteElo "2539"]
[BlackElo "1927"]
[WhiteFideId "14201801"]
[BlackFideId "30961580"]
[EventDate "2025.06.10"]

1. c4 Nf6 2. g3 g6 3. Bg2 Bg7 4. Nc3 O-O 5. d4 c6 6. e4 d5 7. cxd5 cxd5 8. e5
Ne4 9. Nge2 Bf5 10. h4 h5 11. O-O Nxc3 12. bxc3 Nc6 13. Nf4 e6 14. f3 Bh6 15.
Nxe6 fxe6 16. Bxh6 Rf7 17. Bg5 Qa5 18. Qd2 Rc8 19. Bf6 Qb6 20. g4 hxg4 21. fxg4
Be4 22. Bxe4 dxe4 23. Qh6 Rxf6 24. exf6 1-0

[Event "Titled Tue 10th Jun Late"]
[Site "chess.com INT"]
[Date "2025.06.10"]
[Round "2"]
[White "Kravtsiv, Martyn"]
[Black "Noroozi, Omid"]
[Result "1-0"]
[WhiteTitle "GM"]
[BlackTitle "IM"]
[WhiteElo "2598"]
[BlackElo "2266"]
[WhiteFideId "14113147"]
[BlackFideId "12501190"]
[EventDate "2025.06.10"]

1. e4 c5 2. Nc3 d6 3. f4 g6 4. Nf3 Bg7 5. Bb5+ Nc6 6. d3 e6 7. Bxc6+ bxc6 8. e5
Ne7 9. O-O O-O 10. Ne4 dxe5 11. fxe5 Bxe5 12. Nxe5 Qd4+ 13. Kh1 Qxe5 14. Bf4 Qd4
15. c3 Qd8 16. Nf6+ Kg7 17. Be5 Ng8 18. Nh5+ Kh6 19. Bg7+ Kg5 20. h4+ Kxh4 21.
Rf4+ 1-0

[Event "Titled Tue 10th Jun Late"]
[Site "chess.com INT"]
[Date "2025.06.10"]
[Round "2"]
[White "Lira, Suan Bruno Fernandes"]
[Black "Maklakova, Nellija"]
[Result "1-0"]
[WhiteElo "2163"]
[BlackElo "1924"]
[WhiteFideId "22794620"]
[BlackFideId "11603470"]
[EventDate "2025.06.10"]

1. e4 e6 2. d4 d5 3. Nd2 dxe4 4. Nxe4 Nd7 5. Nf3 Ngf6 6. Nxf6+ Nxf6 7. Bd3 Be7
8. Qe2 O-O 9. Bg5 c6 10. O-O-O a5 11. h4 a4 12. a3 b5 13. h5 h6 14. Bxf6 Bxf6
15. Qe4 Re8 16. c3 Qb6 17. Rhe1 Bb7 18. Ne5 c5 19. Qh7+ Kf8 20. Nd7+ Ke7 21.
Nxb6 cxd4 22. Nxa8 dxc3 23. Nb6 cxb2+ 24. Kb1 b4 25. Bb5 bxa3 26. Rd7+ Kf8 27.
Qh8# 1-0